Central Library OPAC University of Rajshahi

An introduction to marketing / (Record no. 61623)

MARC details
000 -LEADER
fixed length control field 00717nam a2200241 a 4500
001 - CONTROL NUMBER
control field 61623
003 - CONTROL NUMBER IDENTIFIER
rucl marc code BD-RjUL
005 - DATE AND TIME OF LATEST TRANSACTION
control field 20211209081002.0
008 - FIXED-LENGTH DATA ELEMENTS--GENERAL INFORMATION
fixed length control field 170119r19801979ii ||||| b||| 00| 0 eng d
035 ## - SYSTEM CONTROL NUMBER
System control number (BD-RjUL)61747
040 ## - CATALOGING SOURCE
Original cataloging agency BD-RjUL
Language of cataloging eng
Transcribing agency BD-RjUL
041 ## - LANGUAGE CODE
Language code of text/sound track or separate title eng
082 ## - DEWEY DECIMAL CLASSIFICATION NUMBER
Edition number 23
Classification number 658.8
Author mark and year AMI 1980
100 1# - MAIN ENTRY--PERSONAL NAME
Personal name Amarchand, D
9 (RLIN) 183579
245 13 - TITLE STATEMENT
Title An introduction to marketing /
Statement of responsibility, etc. D Amarchand and B Varadharajan
260 ## - PUBLICATION, DISTRIBUTION, ETC. (IMPRINT)
Place of publication, distribution, etc. New Delhi :
Name of publisher, distributor, etc. Vikas,
Date of publication, distribution, etc. 1979 [Reprinted 1980]
300 ## - PHYSICAL DESCRIPTION
Pagination xi, 298 p. :
Illustrations ill. ;
Size 22 cm
504 ## - BIBLIOGRAPHY, ETC. NOTE
Bibliography, etc Includes bibliographical references.
650 ## - SUBJECT ADDED ENTRY--TOPICAL TERM
Topical term or geographic name as entry element Marketing
9 (RLIN) 182579
Topical term or geographic name as entry element Marketing
General subdivision Inde
9 (RLIN) 183580
700 ## - ADDED ENTRY--PERSONAL NAME
Personal name Varadharajan, B
942 ## - ADDED ENTRY ELEMENTS (KOHA)
Source of classification or shelving scheme Dewey Decimal Classification
Koha item type Books
Holdings
Lost status Source of classification or shelving scheme Damaged status Not for loan Collection code Permanent Location Current Location Shelving location Date acquired Source of acquisition Cost, normal purchase price Total Checkouts Full call number Date last seen Copy number Koha item type
  Dewey Decimal Classification   Not For Loan Non-fiction Central Library, University of Rajshahi Central Library, University of Rajshahi Reading Room 05/01/1983 Knowledge View 49.50   658.8 AMI 1980 19/01/2017 C-1 Books
  Dewey Decimal Classification     Non-fiction Central Library, University of Rajshahi Central Library, University of Rajshahi   05/01/1983 Knowledge View 49.50   658.8 AMI 1980 02/10/2019 C-2 Books